Retirement facilities : (Record no. 13436)
[ view plain ]
| 000 -LEADER | |
|---|---|
| fixed length control field | 01573cam a2200385 a 4500 |
| 001 - CONTROL NUMBER | |
| control field | 2015757 |
| 003 - CONTROL NUMBER IDENTIFIER | |
| control field | ScBUE |
| 005 - DATE AND TIME OF LATEST TRANSACTION | |
| control field | 20221214124706.0 |
| 008 - FIXED-LENGTH DATA ELEMENTS--GENERAL INFORMATION | |
| fixed length control field | 910828t1992 nyuab f b 001 0 eng d |
| 020 ## - INTERNATIONAL STANDARD BOOK NUMBER | |
| International Standard Book Number | 082304551X |
| 020 ## - INTERNATIONAL STANDARD BOOK NUMBER | |
| International Standard Book Number | 9780823045518 |
| 040 ## - CATALOGING SOURCE | |
| Original cataloging agency | DLC |
| Language of cataloging | eng |
| Description conventions | rda |
| Transcribing agency | DLC |
| Modifying agency | DLC |
| -- | ScBUE |
| 043 ## - GEOGRAPHIC AREA CODE | |
| Geographic area code | n-us--- |
| 082 04 - DEWEY DECIMAL CLASSIFICATION NUMBER | |
| Classification number | 728.3 |
| Edition number | 22 |
| Item number | GOO |
| 100 1# - MAIN ENTRY--PERSONAL NAME | |
| Personal name | Goodman, Raymond J., |
| Relator term | author. |
| 9 (RLIN) | 11574 |
| 245 10 - TITLE STATEMENT | |
| Title | Retirement facilities : |
| Remainder of title | planning, design, and marketing / |
| Statement of responsibility, etc | Raymond J. Goodman, Jr., Ph.D. and Douglas G. Smith, A.S.I.D. |
| 264 #1 - PUBLICATION, DISTRIBUTION, ETC. (IMPRINT) | |
| Place of publication, distribution, etc | New York : |
| Name of publisher, distributor, etc | Whitney Library of Design, |
| Date of publication, distribution, etc | [1992] |
| 264 #4 - PUBLICATION, DISTRIBUTION, ETC. (IMPRINT) | |
| Date of publication, distribution, etc | c1992 |
| 300 ## - PHYSICAL DESCRIPTION | |
| Extent | 192 pages : |
| Other physical details | illustrations (some color), maps (some color) ; |
| Dimensions | 29 cm |
| 336 ## - CONTENT TYPE | |
| Source | rdacontent |
| Content type term | text |
| Content type code | txt |
| 337 ## - MEDIA TYPE | |
| Source | rdamedia |
| Media type term | unmediated |
| Media type code | n |
| 338 ## - CARRIER TYPE | |
| Source | rdacarrier |
| Carrier type term | volume |
| Carrier type code | nc |
| 504 ## - BIBLIOGRAPHY, ETC. NOTE | |
| Bibliography, etc | Includes bibliographical references and index. |
| 650 #7 - SUBJECT ADDED ENTRY--TOPICAL TERM | |
| Topical term or geographic name as entry element | Old age homes |
| Geographic subdivision | United States |
| General subdivision | Planning. |
| Source of heading or term | BUEsh |
| 9 (RLIN) | 11575 |
| 650 #7 - SUBJECT ADDED ENTRY--TOPICAL TERM | |
| Topical term or geographic name as entry element | Retirement communities |
| Geographic subdivision | United States |
| General subdivision | Planning. |
| Source of heading or term | BUEsh |
| 9 (RLIN) | 11576 |
| 650 #7 - SUBJECT ADDED ENTRY--TOPICAL TERM | |
| Topical term or geographic name as entry element | Life care communities |
| Geographic subdivision | United States |
| General subdivision | Planning. |
| Source of heading or term | BUEsh |
| 9 (RLIN) | 11577 |
| 650 #7 - SUBJECT ADDED ENTRY--TOPICAL TERM | |
| Topical term or geographic name as entry element | Older people |
| General subdivision | Dwellings |
| Geographic subdivision | United States |
| General subdivision | Planning. |
| Source of heading or term | BUEsh |
| 9 (RLIN) | 11578 |
| 650 #7 - SUBJECT ADDED ENTRY--TOPICAL TERM | |
| Topical term or geographic name as entry element | Older people |
| General subdivision | Dwellings |
| Geographic subdivision | United States |
| General subdivision | Marketing. |
| Source of heading or term | BUEsh |
| 9 (RLIN) | 11579 |
| 653 ## - INDEX TERM--UNCONTROLLED | |
| Resource For college | Engineering, Architecture |
| 655 ## - INDEX TERM--GENRE/FORM | |
| Form subdivision | Reading book |
| 700 1# - ADDED ENTRY--PERSONAL NAME | |
| Personal name | Smith, Douglas G., |
| Dates associated with a name | 1952- |
| Relator term | author. |
| 9 (RLIN) | 11580 |
| 730 0# - ADDED ENTRY--UNIFORM TITLE | |
| Uniform title | Restaurant/hotel design international. |
| 9 (RLIN) | 11581 |
| 942 ## - ADDED ENTRY ELEMENTS (KOHA) | |
| Source of classification or shelving scheme | Dewey Decimal Classification |
| Koha item type | Book - Borrowing |
| Withdrawn status | Lost status | Source of classification or shelving scheme | Damaged status | Not for loan | Collection code | Home library | Current library | Shelving location | Date acquired | Source of acquisition | Cost, normal purchase price | Serial Enumeration / chronology | Total Checkouts | Full call number | Barcode | Date last seen | Price effective from | Koha item type |
|---|---|---|---|---|---|---|---|---|---|---|---|---|---|---|---|---|---|---|
| Dewey Decimal Classification | Book store center | Central Library | Central Library | Second Floor | 21/02/2010 | 275.00 | 1 | 728.3 GOO | 000019639 | 15/07/2025 | 21/02/2010 | Book - Borrowing |